| 000 | 00349nam a2200145Ia 4500 | ||
|---|---|---|---|
| 008 | 230917s9999||||xx |||||||||||||| ||und|| | ||
| 040 |
_e227646 _aMAIN |
||
| 041 | _aEnglish | ||
| 082 | _a301.412 R197M | ||
| 100 | _aRavi Kumar | ||
| 245 | 0 | _aMahila shaktikaran: Mahila se sambandhit pravadhan | |
| 260 | _c2013 | ||
| 300 | _a89 p. | ||
| 942 | _cTH | ||
| 999 |
_c126687 _d126687 |
||